[Event "Rhein Main op 13th"]
[Site "Bad Homburg"]
[Date "2010.06.03"]
[Round "2"]
[White "Kaiser, Richard1111"]
[Black "Jung, Gerhard"]
[Result "1-0"]
[WhiteElo "2175"]
[BlackElo "2039"]
[PlyCount "129"]
[EventDate "2010.06.02"]
[EventType "swiss"]
[EventRounds "7"]
[EventCountry "GER"]
[SourceTitle "EXT 2011"]
[Source "ChessBase"]
[SourceDate "2010.11.26"]
[SourceVersion "1"]
[SourceVersionDate "2010.11.26"]
[SourceQuality "1"]

1. e4 e5 2. Nf3 Nc6 3. Bb5 a6 4. Ba4 Nf6 5. d3 b5 6. Bb3 Be7 7. c3 0-0 8. Nbd2 d6 9. Nf1 Na5 10. Bc2 c5 11. Ng3 Re8 12. 0-0 Bf8 13. Re1 g6 14. h3 Bg7 15. d4 cxd4 16. cxd4 Bd7 17. b3 Nc6 18. Bb2 Rc8 19. Qd2 Qb6 20. d5 Na5 21. Bd3 b4 22. Qe2 Ra8 23. Bc1 Reb8 24. Be3 Qb7 25. Rac1 Ne8 26. Nd2 Nc7 27. Nc4 Nxc4 28. bxc4 a5 29. c5 dxc5 30. Rxc5 Bf8 31. Rcc1 Nb5 32. Bxb5 Bxb5 33. Qb2 Bd6 34. Bc5 Qe7 35. Bxd6 Qxd6 36. Nf1 a4 37. Ne3 Bd3 38. Rc6 Qe7 39. d6 Qb7 40. Nd5 Re8 41. Rb6 Qa7 42. Qxb4 Reb8 43. Rxb8+ Rxb8 44. Qc3 Qd4 45. Qxd4 exd4 46. Rd1 Bc4 47. Rxd4 Bxa2 48. Ne7+ Kf8 49. Rxa4 Be6 50. Rd4 Ke8 51. Nd5 Bxd5 52. Rxd5 Kd7 53. Kh2 f6 54. Kg3 Rb3+ 55. f3 Rb2 56. h4 Rc2 57. Kh3 Rb2 58. g4 Rb6 59. g5 Rb3 60. Kg4 fxg5 61. hxg5 Rb2 62. Rd3 Rg2+ 63. Kf4 Rg1 64. e5 Ra1 65. e6+ 1-0

[Event "Rhein Main op 12th"]
[Site "Bad Homburg"]
[Date "2009.06.13"]
[Round "5"]
[White "Kosak, Michael"]
[Black "Jung, Gerhard"]
[Result "1-0"]
[WhiteElo "2128"]
[BlackElo "1985"]
[PlyCount "57"]
[EventDate "2009.06.10"]
[EventType "swiss"]
[EventRounds "7"]
[EventCountry "GER"]
[SourceTitle "CBM 131 Extra"]
[Source "ChessBase"]
[SourceDate "2009.09.03"]
[SourceVersion "2"]
[SourceVersionDate "2009.09.16"]
[SourceQuality "1"]

1. d4 Nf6 2. c4 g6 3. Nc3 Bg7 4. e4 d6 5. Be2 0-0 6. Bg5 c5 7. d5 e6 8. Qd2 exd5 9. exd5 a6 10. a4 Nbd7 11. Nf3 Re8 12. 0-0 Ne5 13. Nxe5 Rxe5 14. Bd3 Re8 15. Rfe1 Bd7 16. Rxe8+ Qxe8 17. Qf4 Qe5 18. Qxe5 dxe5 19. Bxf6 Bxf6 20. Ne4 Be7 21. d6 Bd8 22. Nxc5 Bc6 23. a5 Bf6 24. Be4 Rc8 25. Bxc6 Rxc6 26. Nxb7 Rxc4 27. d7 Rd4 28. Nc5 Rd6 29. Ne4 1-0

[Event "GER-chT Lands U20"]
[Site "Dresden"]
[Date "2008.11.15"]
[Round "3.3"]
[White "Stemmler, Lysan"]
[Black "Jung, Gerhard"]
[Result "1-0"]
[WhiteElo "1740"]
[BlackElo "2006"]
[PlyCount "66"]
[EventDate "2008.11.14"]
[EventType "team-swiss"]
[EventRounds "7"]
[EventCountry "GER"]
[SourceTitle "EXT 2010"]
[Source "ChessBase"]
[SourceDate "2010.11.25"]
[SourceVersion "1"]
[SourceVersionDate "2010.11.25"]
[SourceQuality "1"]
[WhiteTeam "Mecklenburg Vorpommern"]
[BlackTeam "Hessen II"]
[WhiteTeamCountry "GER"]
[BlackTeamCountry "GER"]

1. e4 e5 2. Nf3 Nc6 3. d4 exd4 4. Nxd4 Nf6 5. Nxc6 bxc6 6. e5 Qe7 7. Qe2 Nd5 8. c4 Ba6 9. Qe4 Nf6 10. Qe2 Nd5 11. Nd2 Nf4 12. Qe3 Ng6 13. Nf3 Qb4+ 14. Qc3 Qxc3+ 15. bxc3 Bc5 16. Bd3 0-0 17. 0-0 Rfe8 18. Re1 Rab8 19. Bf5 d6 20. Bd7 Re7 21. e6 f6 22. Nd4 Bxd4 23. cxd4 Bxc4 24. f4 Bd5 25. Be3 Rb2 26. Rab1 Rxg2+ 27. Kf1 Rxh2 28. f5 Nf8 29. Rb8 Be4 30. d5 cxd5 31. Rc1 c5 32. Bxc5 dxc5 33. Rxc5 Rxa2 1-0

[Event "Korbach op-A 2nd"]
[Site "Korbach"]
[Date "2008.10.12"]
[Round "6"]
[White "Hoegy, Kevin"]
[Black "Jung, Gerhard"]
[Result "1/2-1/2"]
[WhiteElo "2101"]
[BlackElo "1931"]
[PlyCount "97"]
[EventDate "2008.10.09"]
[EventType "swiss"]
[EventRounds "7"]
[EventCountry "GER"]
[SourceTitle "EXT 2010"]
[Source "ChessBase"]
[SourceDate "2010.11.25"]
[SourceVersion "1"]
[SourceVersionDate "2010.11.25"]
[SourceQuality "1"]

1. e4 e5 2. f4 exf4 3. Bc4 Ne7 4. Nc3 Ng6 5. Nf3 Nc6 6. d4 Bb4 7. 0-0 0-0 8. Nd5 Bd6 9. e5 Be7 10. Nxf4 Nxf4 11. Bxf4 d6 12. exd6 Bxd6 13. Bxd6 Qxd6 14. Ng5 Be6 15. Nxe6 fxe6 16. c3 Kh8 17. Qd3 e5 18. Bb5 exd4 19. Bxc6 Qxc6 20. Qxd4 Qb6 21. Qxb6 axb6 22. Rxf8+ Rxf8 23. Rd1 Kg8 24. Rd7 Rf7 25. Rd8+ Rf8 26. Rd7 Rf7 27. Rd8+ Rf8 28. Rxf8+ Kxf8 29. Kf2 Ke7 30. Ke3 Kd7 31. Kd4 Kd6 32. c4 c6 33. a3 Ke6 34. Ke4 Kd6 35. Kd4 Ke6 36. c5 b5 37. Ke4 h6 38. h4 g5 39. g3 Kf6 40. b3 Ke6 41. hxg5 hxg5 42. g4 Kf6 43. Kd4 Ke6 44. a4 bxa4 45. bxa4 Kf6 46. Ke4 Ke6 47. Kd4 Kf6 48. Ke4 Ke6 49. Kd4 1/2-1/2

[Event "Korbach op-A 2nd"]
[Site "Korbach"]
[Date "2008.10.11"]
[Round "5"]
[White "Jung, Gerhard"]
[Black "Rubel, Julian"]
[Result "1/2-1/2"]
[WhiteElo "1931"]
[BlackElo "2179"]
[PlyCount "26"]
[EventDate "2008.10.09"]
[EventType "swiss"]
[EventRounds "7"]
[EventCountry "GER"]
[SourceTitle "EXT 2010"]
[Source "ChessBase"]
[SourceDate "2010.11.25"]
[SourceVersion "1"]
[SourceVersionDate "2010.11.25"]
[SourceQuality "1"]

1. e4 d5 2. exd5 Qxd5 3. Nc3 Qd6 4. d4 Nf6 5. Nf3 a6 6. g3 b5 7. Bg2 Bb7 8. 0-0 e6 9. Re1 Be7 10. Bf4 Qb6 11. a4 0-0 12. a5 Qa7 13. Bxc7 Nbd7 1/2-1/2

[Event "Staufer op 20th"]
[Site "Schwaebisch Gmuend"]
[Date "2008.01.02"]
[Round "1"]
[White "Kabisch, Thilo"]
[Black "Jung, Gerhard"]
[Result "1-0"]
[WhiteElo "2245"]
[BlackElo "1849"]
[PlyCount "53"]
[EventDate "2008.01.02"]
[EventType "swiss"]
[EventRounds "9"]
[EventCountry "GER"]
[SourceTitle "CBM 122 Extra"]
[Source "ChessBase"]
[SourceDate "2008.03.04"]
[SourceVersion "1"]
[SourceVersionDate "2008.03.04"]
[SourceQuality "1"]

1. e4 e5 2. Nf3 Nc6 3. Bb5 a6 4. Ba4 Nf6 5. 0-0 Be7 6. Re1 b5 7. Bb3 0-0 8. h3 Bb7 9. c3 d5 10. exd5 Nxd5 11. a4 Nf6 12. d4 exd4 13. cxd4 Nb4 14. Nc3 Nbd5 15. axb5 Nxc3 16. bxc3 axb5 17. Rxa8 Bxa8 18. Qe2 Bxf3 19. gxf3 Bd6 20. Qxb5 Qc8 21. Kg2 c6 22. Qg5 Qb8 23. Bc4 h6 24. Qf5 Qd8 25. h4 g6 26. Qxg6+ Kh8 27. Bxf7 1-0

[Event "Korbach 1st op A 2007"]
[Site "Korbach"]
[Date "2007.10.14"]
[Round "6.15"]
[White "Jung, Gerhard"]
[Black "Sharikow, Eugen"]
[Result "1-0"]
[WhiteElo "1843"]
[BlackElo "1987"]
[PlyCount "69"]
[EventDate "2007.10.11"]
[EventType "swiss"]
[EventRounds "7"]
[EventCountry "GER"]
[SourceTitle "EXT 2009"]
[Source "ChessBase"]
[SourceDate "2008.11.26"]
[SourceVersion "1"]
[SourceVersionDate "2008.11.26"]
[SourceQuality "1"]

1. e4 e5 2. Nf3 Nc6 3. Bc4 Bc5 4. c3 Nf6 5. d3 h6 6. Nbd2 d6 7. 0-0 0-0 8. Re1 a6 9. Bb3 b5 10. Nf1 Bg4 11. h3 Bh5 12. Ng3 Bg6 13. d4 exd4 14. cxd4 Ba7 15. Bf4 Na5 16. Bc2 c5 17. Bxd6 Qxd6 18. e5 Qd8 19. exf6 Qxf6 20. Bxg6 fxg6 21. Ne4 Qc6 22. Nxc5 Rae8 23. Rc1 Qd6 24. Ne4 Qd7 25. Qd3 Nc6 26. Rcd1 Rd8 27. d5 Ne7 28. Qb3 Kh7 29. d6 Nf5 30. Ne5 Qe8 31. d7 Qe7 32. Nc6 Bxf2+ 33. Nxf2 Qc5 34. Nxd8 Nd6 35. Qe3 1-0

[Event "Korbach 1st op A 2007"]
[Site "Korbach"]
[Date "2007.10.14"]
[Round "7.9"]
[White "Minor, Samuel"]
[Black "Jung, Gerhard"]
[Result "1-0"]
[WhiteElo "2166"]
[BlackElo "1843"]
[PlyCount "85"]
[EventDate "2007.10.11"]
[EventType "swiss"]
[EventRounds "7"]
[EventCountry "GER"]
[SourceTitle "EXT 2009"]
[Source "ChessBase"]
[SourceDate "2008.11.26"]
[SourceVersion "1"]
[SourceVersionDate "2008.11.26"]
[SourceQuality "1"]

1. e4 e5 2. Bc4 Nf6 3. d3 Nc6 4. Nf3 Bc5 5. c3 d6 6. Bb3 0-0 7. 0-0 a6 8. Nbd2 Ba7 9. Nc4 Ne7 10. Nh4 Ng6 11. Nxg6 hxg6 12. Bg5 Qe8 13. a4 Kh7 14. h3 Rh8 15. Re1 Kg8 16. Qf3 Nh7 17. Be3 Bxe3 18. Qxe3 Qe7 19. f4 exf4 20. Qxf4 g5 21. Qg3 g4 22. hxg4 Qg5 23. e5 d5 24. Ne3 c6 25. d4 Nf8 26. Bc2 Rh4 27. Rf1 g6 28. Qf4 Qxf4 29. Rxf4 Ne6 30. Rf6 Ng5 31. Bxg6 Bxg4 32. g3 Rh3 33. Kg2 Be6 34. Bd3 Kh8 35. Rh1 Rxh1 36. Kxh1 Kg7 37. Kg2 Bh3+ 38. Kg1 Rh8 39. g4 Ne6 40. Kf2 Kf8 41. Kg3 c5 42. Nf5 Rg8 43. Nh6 1-0

[Event "GER-ch op U25"]
[Site "Willingen"]
[Date "2006.06.05"]
[Round "4"]
[White "Wisheckel, Florian"]
[Black "Jung, Gerhard"]
[Result "0-1"]
[WhiteElo "1482"]
[BlackElo "1836"]
[PlyCount "60"]
[EventDate "2006.06.04"]
[EventType "swiss"]
[EventRounds "9"]
[EventCountry "GER"]
[SourceTitle "EXT 2007"]
[Source "ChessBase"]
[SourceDate "2006.11.23"]
[SourceVersion "1"]
[SourceVersionDate "2006.11.23"]
[SourceQuality "1"]

1. e4 e5 2. Nf3 Nc6 3. Nc3 Nf6 4. Bc4 Nxe4 5. Bxf7+ Kxf7 6. Nxe4 Be7 7. d3 Rf8 8. Nfg5+ Kg8 9. Nf3 d5 10. Ng3 Bg4 11. c3 Qe8 12. Ne2 Bxf3 13. gxf3 Rxf3 14. Rg1 Qf7 15. Be3 Bh4 16. Ng3 Rf8 17. Qe2 d4 18. 0-0-0 dxe3 19. fxe3 Rf2 20. Qg4 Bxg3 21. Qxg3 g6 22. Kb1 Qf3 23. Qg4 Qxg4 24. Rxg4 Rxh2 25. d4 Rff2 26. dxe5 Rxb2+ 27. Ka1 Rxa2+ 28. Kb1 Rhb2+ 29. Kc1 Na5 30. e6 Nb3# 0-1

[Event "GER-ch op U25"]
[Site "Willingen"]
[Date "2006.06.04"]
[Round "1"]
[White "Jung, Gerhard"]
[Black "Berger, Manuel"]
[Result "1-0"]
[WhiteElo "1836"]
[BlackElo "1129"]
[PlyCount "87"]
[EventDate "2006.06.04"]
[EventType "swiss"]
[EventRounds "9"]
[EventCountry "GER"]
[SourceTitle "EXT 2007"]
[Source "ChessBase"]
[SourceDate "2006.11.23"]
[SourceVersion "1"]
[SourceVersionDate "2006.11.23"]
[SourceQuality "1"]

1. e4 c5 2. Nf3 Nc6 3. Bb5 a6 4. Bxc6 bxc6 5. 0-0 d6 6. c3 e5 7. Re1 g6 8. d4 cxd4 9. cxd4 exd4 10. e5 d5 11. Nxd4 c5 12. Nb3 c4 13. Nd4 Bg7 14. e6 fxe6 15. Nxe6 Bxe6 16. Rxe6+ Kf7 17. Qe2 a5 18. Nc3 Qd7 19. Re3 Bxc3 20. bxc3 Re8 21. Rxe8 Qxe8 22. Qf3+ Kg7 23. Be3 Qf7 24. Bd4+ Nf6 25. Rb1 Re8 26. g4 g5 27. Qf5 h6 28. Rb6 Rf8 29. Bxf6+ Kg8 30. Qe6 Qxe6 31. Rxe6 Kf7 32. Ra6 Re8 33. Bd4 Re1+ 34. Kg2 Ke7 35. Rxa5 Kd6 36. Ra6+ Kc7 37. Rxh6 Kb7 38. Rb6+ Kc7 39. a4 Ra1 40. Ra6 Kb7 41. Ra7+ Kc6 42. a5 Kb5 43. Rb7+ Ka4 44. a6 1-0

[Event "GER-ch op U25"]
[Site "Willingen"]
[Date "2006.06.04"]
[Round "3"]
[White "Jung, Gerhard"]
[Black "Kahleys, Kevin"]
[Result "1/2-1/2"]
[WhiteElo "1836"]
[BlackElo "1448"]
[PlyCount "103"]
[EventDate "2006.06.04"]
[EventType "swiss"]
[EventRounds "9"]
[EventCountry "GER"]
[SourceTitle "EXT 2007"]
[Source "ChessBase"]
[SourceDate "2006.11.23"]
[SourceVersion "1"]
[SourceVersionDate "2006.11.23"]
[SourceQuality "1"]

1. e4 e6 2. Nf3 d5 3. e5 c5 4. b4 cxb4 5. a3 Nc6 6. axb4 Bxb4 7. c3 Be7 8. d4 f6 9. Bd3 fxe5 10. dxe5 Bc5 11. 0-0 Nge7 12. Qc2 g6 13. Bg5 Qc7 14. Bf6 Rg8 15. Na3 a6 16. Nb5 Qb8 17. Qa2 Bd7 18. Rfb1 Nf5 19. Nbd4 Qc8 20. Nxf5 gxf5 21. Qe2 Be7 22. Ng5 Rxg5 23. Bxg5 Bxg5 24. Qh5+ Kf8 25. Qxg5 Nxe5 26. Qf6+ Nf7 27. Be2 Qd8 28. Qxd8+ Nxd8 29. c4 d4 30. Bf3 Bc6 31. Bxc6 bxc6 32. Ra5 Ke7 33. f4 Kd6 34. Rb6 h5 35. Kf2 Ra7 36. Raxa6 Rxa6 37. Rxa6 e5 38. Ra8 Ne6 39. fxe5+ Kxe5 40. g3 f4 41. Rh8 d3 42. Rxh5+ Kd4 43. gxf4 d2 44. Rh7 d1N+ 45. Kf3 Kxc4 46. Kg4 Ne3+ 47. Kf3 Nd5 48. Rh6 Ndxf4 49. Rh8 c5 50. Rc8 Kd4 51. Rxc5 Kxc5 52. h4 1/2-1/2

[Event "Bad Zwesten op 9th"]
[Site "Bad Zwesten"]
[Date "2005.01.04"]
[Round "4"]
[White "Jung, Gerhard"]
[Black "Halt, David"]
[Result "0-1"]
[WhiteElo "1499"]
[BlackElo "1827"]
[PlyCount "118"]
[EventDate "2005.01.02"]
[EventType "swiss"]
[EventRounds "9"]
[EventCountry "GER"]
[SourceTitle "CBM 104 Extra"]
[Source "ChessBase"]
[SourceDate "2005.03.01"]
[SourceVersion "1"]
[SourceVersionDate "2005.03.01"]
[SourceQuality "1"]

1. e4 e5 2. Nf3 Nc6 3. Bc4 Nf6 4. d3 Be7 5. 0-0 d6 6. Re1 Bg4 7. h3 Bh5 8. c3 Na5 9. Bb5+ c6 10. Ba4 b5 11. Bc2 0-0 12. Nbd2 Qc7 13. Nf1 Nd7 14. Ng3 Bg6 15. d4 Bf6 16. Bg5 Bxg5 17. Nxg5 h6 18. Nf3 Rfe8 19. b3 Rad8 20. a4 a6 21. axb5 axb5 22. Ra2 Nb7 23. Qa1 Nb6 24. Qb2 f6 25. Rea1 Ra8 26. Rxa8 Rxa8 27. Rxa8+ Nxa8 28. Nh4 Be8 29. Nhf5 Qa5 30. b4 Qa7 31. Bb3+ Kh7 32. Qa2 Qxa2 33. Bxa2 g6 34. Ne3 Nb6 35. Ne2 h5 36. f4 Nd8 37. dxe5 dxe5 38. fxe5 fxe5 39. c4 Bf7 40. c5 Nd7 41. Bxf7 Nxf7 42. Kf2 Ng5 43. Nc3 Nf6 44. Nc2 Nfxe4+ 45. Nxe4 Nxe4+ 46. Ke3 Nf6 47. Kd3 Kg7 48. Ke3 Nd5+ 49. Ke4 Kf6 50. g4 hxg4 51. hxg4 g5 52. Kd3 Ke6 53. Ke4 Nf6+ 54. Kf3 e4+ 55. Kg3 Ke5 56. Ne3 Kd4 57. Nf5+ Kc4 58. Ne7 Kxb4 59. Nxc6+ Kxc5 0-1

[Event "Bad Zwesten op 9th"]
[Site "Bad Zwesten"]
[Date "2005.01.03"]
[Round "3"]
[White "Foerster, Rudi"]
[Black "Jung, Gerhard"]
[Result "1/2-1/2"]
[WhiteElo "1996"]
[BlackElo "1499"]
[PlyCount "55"]
[EventDate "2005.01.02"]
[EventType "swiss"]
[EventRounds "9"]
[EventCountry "GER"]
[SourceTitle "CBM 104 Extra"]
[Source "ChessBase"]
[SourceDate "2005.03.01"]
[SourceVersion "1"]
[SourceVersionDate "2005.03.01"]
[SourceQuality "1"]

1. e4 e5 2. Nf3 Nc6 3. Bb5 a6 4. Bxc6 dxc6 5. 0-0 Bg4 6. h3 Bxf3 7. Qxf3 Nf6 8. Re1 Bc5 9. d3 Qe7 10. Nd2 0-0-0 11. Nc4 h6 12. Qf5+ Nd7 13. Be3 Bxe3 14. Nxe3 g6 15. Qf3 h5 16. Reb1 Qf6 17. Qe2 Rdg8 18. b4 g5 19. g3 Nf8 20. a4 Ne6 21. Nf5 h4 22. g4 Nf4 23. Qf1 b6 24. b5 cxb5 25. axb5 a5 26. Kh2 Rd8 27. Ra3 Ne6 28. c4 1/2-1/2

[Event "Bad Zwesten op 9th"]
[Site "Bad Zwesten"]
[Date "2005.01.03"]
[Round "2"]
[White "Jung, Gerhard"]
[Black "Michel, Stephan"]
[Result "1/2-1/2"]
[WhiteElo "1499"]
[BlackElo "1907"]
[PlyCount "43"]
[EventDate "2005.01.02"]
[EventType "swiss"]
[EventRounds "9"]
[EventCountry "GER"]
[SourceTitle "CBM 104 Extra"]
[Source "ChessBase"]
[SourceDate "2005.03.01"]
[SourceVersion "1"]
[SourceVersionDate "2005.03.01"]
[SourceQuality "1"]

1. e4 g6 2. d4 Bg7 3. Nf3 d6 4. Bc4 e6 5. Bb3 Ne7 6. 0-0 0-0 7. Nc3 a6 8. a4 b6 9. Bg5 Nd7 10. Qd2 Qe8 11. Bh6 Bb7 12. Bxg7 Kxg7 13. Rfe1 e5 14. Rad1 Rd8 15. Qe3 exd4 16. Nxd4 Ng8 17. Bd5 Bxd5 18. Nxd5 Rc8 19. Qg3 Ndf6 20. Nc3 Qd7 21. Qd3 Ra8 22. Nf3 1/2-1/2

[Event "GER-ch U12"]
[Site "Willingen"]
[Date "2004.06.04"]
[Round "10"]
[White "Dorn, Carina"]
[Black "Jung, Gerhard"]
[Result "1/2-1/2"]
[WhiteElo "1573"]
[BlackElo "1386"]
[PlyCount "52"]
[EventDate "2004.06.??"]
[EventType "swiss"]
[EventRounds "11"]
[EventCountry "GER"]
[SourceTitle "EXT 2005"]
[Source "ChessBase"]
[SourceDate "2004.11.15"]
[SourceVersion "1"]
[SourceVersionDate "2004.11.15"]
[SourceQuality "1"]

1. d4 Nf6 2. Nf3 e6 3. c4 c5 4. Nc3 d5 5. cxd5 exd5 6. Bg5 c4 7. e4 dxe4 8. Nxe4 Bb4+ 9. Nc3 Be6 10. Be2 0-0 11. 0-0 Bxc3 12. bxc3 h6 13. Bh4 Bd5 14. Ne5 b5 15. f4 Qd6 16. Bf3 Bxf3 17. Qxf3 Nbd7 18. Rfe1 Nd5 19. Qg3 N7f6 20. Bxf6 Nxf6 21. Re2 b4 22. Nxc4 Qa6 23. Qd3 Rac8 24. Ne5 Qxd3 25. Nxd3 bxc3 26. Rc1 Nd5 1/2-1/2

[Event "GER-ch U12"]
[Site "Willingen"]
[Date "2004.06.01"]
[Round "6"]
[White "Endress, Anna"]
[Black "Jung, Gerhard"]
[Result "0-1"]
[WhiteElo "1755"]
[BlackElo "1386"]
[PlyCount "106"]
[EventDate "2004.06.??"]
[EventType "swiss"]
[EventRounds "11"]
[EventCountry "GER"]
[SourceTitle "EXT 2005"]
[Source "ChessBase"]
[SourceDate "2004.11.15"]
[SourceVersion "1"]
[SourceVersionDate "2004.11.15"]
[SourceQuality "1"]

1. e4 e5 2. Nf3 Nc6 3. Bb5 a6 4. Bxc6 dxc6 5. 0-0 f6 6. d4 Bg4 7. dxe5 Qxd1 8. Rxd1 fxe5 9. h3 Bxf3 10. gxf3 Bd6 11. Be3 0-0-0 12. c4 c5 13. Nc3 Rf8 14. Kg2 Ne7 15. Nd5 Ng6 16. Nb6+ cxb6 17. Rxd6 Nh4+ 18. Kg3 Nxf3 19. Rxb6 Nd4 20. Bxd4 cxd4 21. Re6 Re8 22. Rxe8+ Rxe8 23. f4 Kd7 24. b4 Ke6 25. f5+ Kd6 26. a4 Kc6 27. Rc1 a5 28. bxa5 Ra8 29. h4 Rxa5 30. Rb1 b6 31. Kg4 Rxa4 32. Rb5 Ra5 33. Rb1 Ra4 34. Rb5 Ra5 35. Rb1 Ra4 36. Rc1 Ra3 37. Re1 Re3 38. Rxe3 dxe3 39. Kf3 Kc5 40. Kxe3 Kxc4 41. h5 h6 42. Kf3 b5 43. Kg4 b4 44. f6 gxf6 45. Kf5 b3 46. Kg6 b2 47. Kxh6 b1Q 48. Kg7 Qxe4 49. h6 Qh4 50. Kg6 Qxh6+ 51. Kxh6 e4 52. Kg6 e3 53. Kxf6 e2 0-1

[Event "GER-ch U12"]
[Site "Willingen"]
[Date "2004.05.31"]
[Round "4"]
[White "Colpe, Malte"]
[Black "Jung, Gerhard"]
[Result "1/2-1/2"]
[WhiteElo "1520"]
[BlackElo "1386"]
[PlyCount "56"]
[EventDate "2004.06.??"]
[EventType "swiss"]
[EventRounds "11"]
[EventCountry "GER"]
[SourceTitle "EXT 2005"]
[Source "ChessBase"]
[SourceDate "2004.11.15"]
[SourceVersion "1"]
[SourceVersionDate "2004.11.15"]
[SourceQuality "1"]

1. d4 Nf6 2. Nf3 e6 3. c4 c5 4. e3 d5 5. Nc3 cxd4 6. exd4 Bb4 7. Be2 0-0 8. 0-0 Nc6 9. Bg5 h6 10. Bh4 Be7 11. cxd5 Nxd5 12. Bxe7 Ncxe7 13. Bc4 Re8 14. Re1 b6 15. Qd2 Bb7 16. Ne5 Rc8 17. Rac1 f6 18. Bxd5 Nxd5 19. Nd3 Nxc3 20. bxc3 Qd5 21. Nf4 Qg5 22. g3 e5 23. h4 Qf5 24. dxe5 fxe5 25. Nd5 Qe6 26. c4 b5 27. Kh2 bxc4 28. Ne3 Red8 1/2-1/2

[Event "GER-ch U12"]
[Site "Willingen"]
[Date "2004.05.31"]
[Round "5"]
[White "Jung, Gerhard"]
[Black "Billing, Alexander"]
[Result "1/2-1/2"]
[WhiteElo "1386"]
[BlackElo "1533"]
[PlyCount "98"]
[EventDate "2004.06.??"]
[EventType "swiss"]
[EventRounds "11"]
[EventCountry "GER"]
[SourceTitle "EXT 2005"]
[Source "ChessBase"]
[SourceDate "2004.11.15"]
[SourceVersion "1"]
[SourceVersionDate "2004.11.15"]
[SourceQuality "1"]

1. e4 e6 2. d4 d5 3. Nd2 Nf6 4. e5 Nfd7 5. Bd3 c5 6. c3 Nc6 7. Ne2 Qb6 8. Nf3 cxd4 9. cxd4 f6 10. exf6 Nxf6 11. 0-0 Bd6 12. Bf4 Bxf4 13. Nxf4 0-0 14. Qd2 g6 15. Rfe1 Nxd4 16. Nxd4 Qxd4 17. Nxe6 Bxe6 18. Rxe6 Ng4 19. Re2 Rf7 20. Qc2 Nxf2 21. Rxf2 Raf8 22. Raf1 Rxf2 23. Rxf2 Rxf2 24. Qxf2 Qxd3 25. Qxa7 Qb1+ 26. Kf2 Qxb2+ 27. Kf3 Qc3+ 28. Kf4 Qc4+ 29. Ke5 Qe4+ 30. Kd6 Qxg2 31. Qb8+ Kg7 32. Qxb7+ Kh6 33. Qxd5 Qxh2+ 34. Kc6 Qc2+ 35. Kd7 Qf5+ 36. Qxf5 gxf5 37. a4 f4 38. a5 f3 39. a6 f2 40. a7 f1Q 41. a8Q Qd3+ 42. Ke6 Qe3+ 43. Kd6 Qd4+ 44. Ke6 Qg4+ 45. Ke5 Qg7+ 46. Ke6 Qg6+ 47. Ke5 Kg7 48. Qb7+ Kh6 49. Qh1+ Qh5+ 1/2-1/2

[Event "GER-ch U12"]
[Site "Willingen"]
[Date "2004.05.30"]
[Round "1"]
[White "Jung, Gerhard"]
[Black "Graf, Felix"]
[Result "0-1"]
[WhiteElo "1386"]
[BlackElo "2056"]
[PlyCount "100"]
[EventDate "2004.06.??"]
[EventType "swiss"]
[EventRounds "11"]
[EventCountry "GER"]
[SourceTitle "EXT 2005"]
[Source "ChessBase"]
[SourceDate "2004.11.15"]
[SourceVersion "1"]
[SourceVersionDate "2004.11.15"]
[SourceQuality "1"]

1. e4 e6 2. d4 d5 3. Nd2 Nf6 4. e5 Nfd7 5. Bd3 c5 6. c3 Nc6 7. Ne2 Qb6 8. Nf3 cxd4 9. cxd4 f6 10. exf6 Nxf6 11. 0-0 Bd6 12. Bf4 Bxf4 13. Nxf4 0-0 14. Qd2 Qc7 15. Rfe1 Ne4 16. Bxe4 Qxf4 17. Qxf4 Rxf4 18. Bd3 Nxd4 19. Nxd4 Rxd4 20. Rad1 Rb4 21. Re2 Rb6 22. Rde1 Bd7 23. b3 g6 24. Re3 Rd6 25. Rg3 Re8 26. Rg5 Kg7 27. h4 Kf6 28. f4 Rc8 29. h5 Be8 30. hxg6 Bxg6 31. Bxg6 hxg6 32. Re3 Rdc6 33. Rh3 Rc1+ 34. Kh2 R1c7 35. Rh6 Rg8 36. Kh3 d4 37. Rg3 Rc3 38. Rxc3 dxc3 39. Kg4 Rc8 40. Rh1 b5 41. b4 Rc4 42. Rc1 e5 43. g3 g5 44. Kf3 exf4 45. gxf4 gxf4 46. Rc2 Kf5 47. a3 Ke5 48. Kf2 Ke4 49. Ke2 f3+ 50. Kf2 Kd3 0-1